000 03925cam a22018134i 4500
003 PE-LiUPU
005 20251023083314.0
008 081008s2008 sp ao rr 001 0 engdd
022 _a1579-0282
035 _a(Sirsi) s1579-0282
040 _aSPSFM
_bspa
_cSPSFM
_dPE-LiUPU
_erda
080 _a552
080 _a691.2
082 0 4 _a691.2
_bN2
_220
245 0 0 _aNatural stone in the world :
_bdirectory 2008 /
_ceditor in chief Elizabeth Vivanco.
250 _a13th ed.
264 _aBilbao :
_bRoc,
_c2008.
300 _a537 página :
_bilustraciones ;
_c30 centímetros.
490 0 _aThe Trader directory
526 _aP203
526 _aP200
526 _aSEG65
526 _aSEG64
526 _aSEG63
526 _aSEG62
526 _aSEG61
526 _aSEG60
526 _aSEG59
526 _aSEG58
526 _aSEG57
526 _aSEG56
526 _aSEG55
526 _aSEG54
526 _aSEG53
526 _aSEG52
526 _aSEG51
526 _aSEG50
526 _aSEG49
526 _aSEG48
526 _aSEG47
526 _aSEG46
526 _aSEG24
526 _aSEG23
526 _aSEG22
526 _aSEG21
526 _aSEG20
526 _aSEG19
526 _aSEG18
526 _aSEG17
526 _aSEG16
526 _aSEG14
526 _aSEG13
526 _aSEG12
526 _aSEG11
526 _aSEG10
526 _aSEG09
526 _aSEG06
526 _aSEG05
526 _aSEG04
526 _aSEG03
526 _aSEG02
526 _aSEG68
526 _aSEG66
526 _aSEG45
526 _aSEG25
526 _aSEG01
526 _aP163
526 _aP162
526 _aP161
526 _aP160
526 _aP159
526 _aP158
526 _aP157
526 _aP156
526 _aP155
526 _aP154
526 _aP153
526 _aP152
526 _aP151
526 _aP150
526 _aP149
526 _aP142
526 _aP141
526 _aP140
526 _aP139
526 _aP138
526 _aP137
526 _aP132
526 _aP131
526 _aP130
526 _aP126
526 _aP125
526 _aP124
526 _aP123
526 _aP115
526 _aP122
526 _aP121
526 _aP116
526 _a P114
526 _aP112
526 _aP111
526 _aP104
526 _aP103
526 _aP102
526 _aP101
526 _aP100
526 _aP96
526 _aP95
526 _aP93
526 _aP92
526 _aP91
526 _aP88
526 _aP83
526 _aP82
526 _aP79
526 _aP78
526 _aP75
526 _aP74
526 _aP71
526 _aP69
526 _a P51
526 _aP49
526 _aP48
526 _aP47
526 _aP33
526 _aP31
526 _a P30
526 _aP29
526 _aP27
526 _aP26
526 _aP25
526 _aP24
526 _a P22
526 _aP10
526 _aP09
526 _a P08
526 _aP06
526 _aP05
526 _aP04
526 _aP01
541 _g003-001195;
650 0 _aMateriales de construcción.
_943
650 4 _aMineralogía.
650 4 _aPiedras de construcción.
655 4 _aAnuarios.
655 4 _aDirectorios.
700 1 _aVivanco, Elizabeth,
_eeditor.
910 _ajck
_bebj
_cebj
_d20160624
942 _2ddc
_cBOOK
949 _a691.2 N2
_wDEWEY
_c1
_i73787
_lCCODEBUL1
_mBUL
_p12.79
_r0
_sY
_tBOOK
_u2016-6-24
_xINGENIERIA
_PP06
_0COMPRA
_o.STAFF. Colección General
994 _aC0
_bPEPRU
596 _a1
999 _a691.2 N2
_wDEWEY
_c10157
_i73787
_f2021-11-9
_g7
_lCCODEBUL1
_mBUL
_p12.79
_r0
_sY
_tBOOK
_u2016-6-24
_xINGENIERIA
_PP06
_0COMPRA
_o.STAFF. Colección General
_d10157
980 _818226
_gJaime Vilcazán Jefe de Análisis Documental